1580 1161 1015 1775 1793 1397 1314 1954 1622 1375 1171 1226 1121 1092 1198 1533 1544 1961 1396 1837 2000 1448 1850 1470 1028 1217 1428 1453 1638 1725 1230 1614 1952 1335 1310 1535 1405 1624 1384 1727 1940 1613 1386 1917 1611 1860 1900 1617 1047 1198 1122 1669 1717 1783 1386 1513 1452 1693 1192 1864 1250 1645 1196 1000 1212 1603 1933 1863 1564 1750 1154 1276 1389 1446 1579 1384 1032 1980 1290 1473 1178 1838 1347 1760 1346 1862 1773 1107 1107 1744 1864 1516 1157 1124 1475 1950 1674 1765 1487 BCNSPRNW ULIB Ver.6.0+V

เปลี่ยนเป็นภาษาไทย

Change to English
 แสดงรายละเอียดบรรณานุกรม
  กลับหน้าหลัก

Brief Record : Get Marc (ISO 2709) : E-mail record : QR code < ปิดหน้าต่าง
LEADER : 00000nam 2200000uu 4500
001    13399112862
003     ULIB
008    110914s2549||||th 000 0 tha d
020    9749458729
024    9789749458723
060  4 WQ100^bส580ร
100 0  สันธา ศรีสุภาพ
245 10 เรื่องเล่าของหมอสูติ /^cสันธา ศรีสุภาพ
250    พิมพ์ครั้งที่ 1
260    กรุงเทพฯ :^bอนิศ พับลิชชิ่ง,^c2549
300    214 หน้า ;^c20 ซม.
650  7 อนามัยเจริญพันธุ์
945    ^p160^l0^i24704
995    กัณชพร
999    ^aใช้งานได้ทุกระบบ
รายการนี้ยังไม่มีแท็ก
คุณยังไม่ได้ล็อกอิน คุณสามารถมีกิจกรรมร่วมกับเว็บไซต์ได้ แต่ต้องล็อกอินก่อน ::
  ล็อกอิน

รายการสื่อสารสนเทศ

ลำดับที่ ประเภท เลขเรียก/บาร์โค้ด สถานที่ สถานะ
- ไม่พบข้อมูล -

รายการใกล้เคียง
    หัวเรื่อง [อนามัยเจริญพันธุ์]

BibComment


ยังไม่เคยถูกคอมเมนท์

คอมเมนท์ทรัพยากรรายการนี้
  คอมเมนท์: เรื่องเล่าของหมอส..


 Copyright 2026. Bcnsprnw @Library